01315 a2200193 45000010006000000050017000060080041000230030015000640400040000790800039001192450041001580200018001992640043002173000024002605050657002841000030009417000021009718560129009921407620260407155446.0260407a2000 arg spa dAR-UNSa-BCEJYS aAR-UNSa-BCEJYSbspacAR-UNSa-BCEJYS a657.6xAuditoria (control interno)10aContabilidad y auditoría ambiental a950-537-538-8 1aBuenos Aires :bEdiciones Macchic2000 axii, 243 p.c22 cm. aI. La problemática ambiental y su influencia en la contabilidad: 1. La normativa contable internacional y el medio ambienta - 2. Pasivos ambientales - 3. Contingencias: implicancias ambientales - 4. Política empresaria de control ambiental - 5. Comité Internacional de Normas Contables (IASC), Norma Internacional de Contabilidad (IAS), "Provisiones, activos contingentes y pasivos contingentes". NIC 37 - 6. Leyes y otras normas que protegen el medio ambiente. Pautas de control a seguir por las empresas - 7. Impacto ambiental sobre la normativa contable argentina -- II. La auditoría del medio ambiente en el marco de la auditoría integral1 aFronti de García, Luisa1 aWainstein, Mario41uhttps://biblioeco.unsa.edu.ar/pmb/images/libros/Contabilidad y Auditoria Ambiental-l86606.jpgyImagen de portadaqimage/jpeg